| 000 | 00856nam a2200277 i 4500 | ||
|---|---|---|---|
| 003 | DO-SdBNP | ||
| 005 | 20250707112615.0 | ||
| 007 | ta | ||
| 008 | 240305s1998 dr 000 j spa d | ||
| 020 | _a0070549818 | ||
| 040 |
_aDO-SdBNP _bspa _cBNPHU _erda |
||
| 082 |
_a330 _bS193e _222 |
||
| 100 |
_aSamuelson, Paul Anthony _eautor _984977 |
||
| 245 | 0 | 0 |
_aEconomía / _cPaul A. Samuelson, William D. Nordhaus, Michael J. Mandel |
| 264 | 1 |
_aMadrid : _bMcGraw-Hill, _c1998. |
|
| 300 |
_a808 páginas, : _bilustraciones ; _c26 cm. |
||
| 336 |
_2rdacontent _atexto _btxt |
||
| 337 |
_2rdamedia _asin mediación _bn |
||
| 338 |
_2rdacarrier _avolumen _bnc |
||
| 590 | _aInventariado, 2024/ DG | ||
| 650 | 0 |
_aEconomia _985383 |
|
| 700 |
_aNordhaus, William D _eautor _984978 |
||
| 700 |
_aMandel, Michel J. _eautor _984979 |
||
| 910 | _aDG | ||
| 942 |
_2ddc _cLBS1 |
||
| 999 |
_c56036 _d56036 |
||